Piłkarze Reprezentacji Mauritiusa - nagła śmierć - Statystyki

Ogólne statystyki
  • Ten quiz został rozwiązany 9 razy
  • Średni wynik to 3 z 9
Answers on the Grid
Answers color-coded by a green-red scale on the quiz's grid according to % correct below.
Jérôme Mombris
Kévin Bru
Wilson Mootoo
Moumi Ngamaleu
Lindsay Rose
Andy Delort
Andy Sophie
Pierre Kunde
Fabien Pithia
Francis Rasolofonirina
Njiva Rakotoharimalala
Jeremy Villeneuve
Dylan Collard
Cyril Mandouki
Rosario Latouchent
 
Statystyki odpowiedzi
Odpowiedź % Poprawnych
Lindsay Rose
75%
Dylan Collard
38%
Fabien Pithia
38%
Francis Rasolofonirina
38%
Andy Sophie
25%
Jeremy Villeneuve
25%
Kévin Bru
25%
Rosario Latouchent
25%
Wilson Mootoo
25%
Nie znaleziono quizów pasujących do podanych kryteriów
Rozkład punktacji
Procent ludzi z każdym wynikiem
Percentyl według liczby udzielonych odpowiedzi
Twoja historia wyników
Nie rozwiązałeś tego quizu